LEADER 01220nam a2200301 i 4500 001 000000114031 003 CaOOAMICUS 005 20030409000000.0 008 030409s2003 it u000 u ita u 013 $a86717 020 $a84-962142-06-X 040 $aSeMil$bita 100 1 $aGreene, Graham,$d<1904-1991>.$0(OLS)http://semarc/name/15465 240 14$aThe Quiet American /.$0(OLS)http://semarc/title/166573 245 12$aL'americano tranquillo /$cGraham Greene ; traduzione di Alessandro Carrera. 260 $aRoma :$bLa Biblioteca di Repubblica,$c2003. 300 $a221 p. ;$c22 cm. 490 0 $aNovecento ;$v62 500 $aDono del Card. Dionigi Tettamanzi. 700 1 $aCarrera, Alessandro <1954- >.$0(OLS)http://semarc/name/89206 830 0$aNovecento ;$v62.$0(OLS)http://semarc/title/8369 850 $aSeMil 852 $aSeMil$W1$xVenegono$y1$m1O V 116$j69634$B69634$CSeMilBibl$Z2$F94968 $81 941 1 $a5 961 $aOmaggio: Tettamanzi Card. Dionigi 996 $6020$a84-962142-06-X$9(OLS)http://semarc/number/97207 996 $6245$aL'americano tranquillo$9(OLS)http://semarc/title/166572 996 $6260$aRoma :$bLa Biblioteca di Repubblica$9(OLS)http://semarc/publisher/32010 LEADER 01625nam a2200265 i 4500 001 000000047882 003 CaOOAMICUS 005 20260326130052.0 008 101022s1995 it u000 u mul u 040 $aSeMil$bita 245 12$aL'Alto Milanese nell'età del Ducato :$batti del Convegno di studio : Cairate, Monastero di Santa Maria Assunta, 14-15 maggio 1994 /$ca cura di Claudio Tallone. 264 1$aVarese :$bLativa,$c1995. 300 $a212 p., [2] p. di tav. :$bill. ;$c24 cm 500 $aIn mezzo al front. : Cairate, Monastero di Santa Maria Assunta, 14-15 maggio 1994. - In Allegato : Comunicazione redazionale [Tracce : rivista di storia e cultura del territorio varesino]. 500 $aVolume monografico in sostituzione del n. 1994/4 della rivista "Tracce : rivista di storia e cultura del territorio varesino". 650 4$aMilano (Ducato) - Storia.$0(OLS)http://semarc/subject/10608 650 4$aAlto Milanese - Storia - Medioevo.$0(OLS)http://semarc/subject/10075 700 1 $aTallone, Claudio.$0(OLS)http://semarc/name/23776 773 0 $tTracce.$b1. (1980)-15. (1994-1995) ; Nuova serie : 16. (1996)-22. (2002).$dVarese : Lativa, 1980-2002.$w()3065 850 $aSeMil 852 $aSeMil$W1$xVenegono$y1$m202 4 16$j14037$B14037$CSeMilBibl$Z2$F14037 $85 961 $aAbbonamento: Lativa Ed. 996 $6245$aL'Alto Milanese nell'età del Ducato :$batti del Convegno di studio : Cairate, Monastero di Santa Maria Assunta, 14-15 maggio 1994$9(OLS)http://semarc/title/72286 996 $6264$aVarese :$bLativa$9(OLS)http://semarc/publisher/31042